000 00590nam a2200241 a 4500
001 nice12345678
003 IN_TiNIC
005 20260116011952.0
008 050524s1855 luca grp 000 0 ara
020 _a
_c100
082 0 0 _a297.2
_bKHA2
100 _aKhan, Muhammad Husain
245 _aRiaz Ul Firdaus
_b Arabic Essays
260 _aLucknow
_bMatba Noolkishore
_c1855
300 _a313p
500 _aincludes index and biblioraphy
505 2 _aIndex
650 _aIslam-Doctrines
700 1 _aKhan, Muhammad Husain
902 _bRHR
942 _cBK
999 _c5106
_d5106